000 00506nam a2200181Ia 4500
005 20250508162308.0
008 008 250505s9999 xx 000 0 hin d
037 _aBooks to be hide in OPAC
040 _aFEDL
_beng
_cFEDL
041 _ahin
_2hin
084 _aFH, AGR/O
_qFEDL
100 _aAgarwal Chandrkumar
_9772779
245 0 _aChatisgrah ki lok kathaye
260 _aDelhi, India
_bAtmaram and Sons
_c1955
300 _a48p.
942 _cHB
_hFH, AGR/O
999 _c1375658
_d1375658